000 00271nam a22001337a 4500
020 _a0-7214-0527-4
082 _a823
_bHUN/P
100 _aHUNIA FRAN
245 _a19.3.2015
260 _aUK
_bLADY BIRD
300 _a51
650 _aENGLISH SHORT STORY
_zUK
942 _cBK
999 _c2305
_d2305